[Event "14.Zlata Praha-A"]
[Site "Praha"]
[Date "2018.07.05"]
[Round "6.1"]
[White "Frolov, Artur"]
[Black "Steiner, Bruno"]
[Result "1-0"]
[WhiteElo "2406"]
[BlackElo "2194"]
[PlyCount "71"]
[EventDate "2018.06.30"]
[EventType "tourn"]
[EventRounds "9"]
[EventCountry "CZE"]

1. e4 e5 2. Nf3 Nc6 3. Bb5 a6 4. Ba4 Nf6 5. O-O Be7 6. Re1 b5 7. Bb3 d6 8. c3
O-O 9. h3 Na5 10. Bc2 c5 11. d4 Qc7 12. Nbd2 Nc6 13. d5 Nd8 14. b3 Ne8 15. a4
Rb8 16. Nf1 g6 17. g4 Ng7 18. Ng3 f6 19. Kh2 Nf7 20. Rg1 Bd7 21. a5 Kh8 22. Bd2
Rg8 23. Ne1 Qc8 24. Ng2 Ng5 25. Ne3 h5 26. h4 Nxe4 27. Nxe4 hxg4 28. Nxg4 Nh5
29. Nh6 f5 30. Nxg8 Qxg8 31. Qxh5+ gxh5 32. Rxg8+ Kxg8 33. Rg1+ Kf8 34. Bh6+
Kf7 35. Rg7+ Kf8 36. Rh7+ 1-0

[Event "14.Zlata Praha-A"]
[Site "Praha"]
[Date "2018.07.05"]
[Round "6.2"]
[White "Sergeev, Vladimir"]
[Black "Miesbauer, Jan"]
[Result "1/2-1/2"]
[WhiteElo "2410"]
[BlackElo "2282"]
[PlyCount "52"]
[EventDate "2018.06.30"]
[EventType "tourn"]
[EventRounds "9"]
[EventCountry "CZE"]

1. g3 g6 2. Bg2 Bg7 3. d4 d6 4. c4 Nd7 5. d5 c5 6. Nc3 a6 7. a4 Ngf6 8. Nf3 O-O
9. O-O Rb8 10. e4 Ng4 11. Nd2 Nge5 12. Qe2 b5 13. axb5 axb5 14. Nxb5 Qb6 15.
Nc3 Nf6 16. f4 Ned7 17. e5 Ne8 18. Nf3 Nc7 19. Kh1 Ba6 20. Bh3 Rbd8 21. Re1 Qb4
22. Ra4 Qb7 23. Ra3 Qb4 24. Ra4 Qb7 25. Ra3 Qb4 26. Ra4 Qb7 1/2-1/2

[Event "14.Zlata Praha-A"]
[Site "Praha"]
[Date "2018.07.05"]
[Round "6.3"]
[White "Burdalev, Kirill"]
[Black "Hrabusa, Matej"]
[Result "1/2-1/2"]
[WhiteElo "2377"]
[BlackElo "2386"]
[PlyCount "104"]
[EventDate "2018.06.30"]
[EventType "tourn"]
[EventRounds "9"]
[EventCountry "CZE"]

1. d4 Nf6 2. Nf3 d5 3. Bf4 c5 4. e3 Nc6 5. Nbd2 Bf5 6. dxc5 e6 7. Nb3 Bxc5 8.
Nxc5 Qa5+ 9. c3 Qxc5 10. Nd4 O-O 11. Nxf5 exf5 12. Bd3 Ne4 13. O-O Rfe8 14. Qh5
Ne5 15. Bc2 g6 16. Qe2 Nc4 17. h4 Re6 18. Rfe1 Rae8 19. Bb3 Qe7 20. Bxc4 dxc4
21. f3 Nd6 22. Rad1 b5 23. Rd5 a6 24. Red1 Nc8 25. Qf2 Nb6 26. R5d4 Qf6 27. Bg5
Qe5 28. Rd8 Na4 29. R1d5 Qc7 30. Qd2 Nb6 31. Rxe8+ Rxe8 32. Bd8 Qa7 33. Qd4 Nc8
34. Re5 Rxe5 35. Qxe5 Qd7 36. Bg5 Qe6 37. Qc7 Kg7 38. Qd8 f6 39. Bf4 Ne7 40.
Qc7 Kf7 41. Kh2 Qc6 42. Qb8 Qc8 43. Qb6 Qc6 44. Qd8 Qc8 45. Qd4 Qe6 46. Bd6 Nc8
47. Bg3 Ne7 48. Bf4 Qd5 49. Qa7 Qc6 50. Kg3 Ke6 51. Qb8 Qc8 52. Qd6+ Kf7
1/2-1/2

[Event "14.Zlata Praha-A"]
[Site "Praha"]
[Date "2018.07.05"]
[Round "6.4"]
[White "Vokoun, Jan"]
[Black "Plischki, Sebastian"]
[Result "1-0"]
[WhiteElo "2124"]
[BlackElo "2413"]
[PlyCount "147"]
[EventDate "2018.06.30"]
[EventType "tourn"]
[EventRounds "9"]
[EventCountry "CZE"]

1. Nf3 Nf6 2. d4 g6 3. Bf4 Bg7 4. e3 O-O 5. h3 d6 6. c3 Nbd7 7. Be2 b6 8. Nbd2
Bb7 9. O-O c5 10. a4 a6 11. Bh2 Ra7 12. Qb3 Qa8 13. Qa3 Ne4 14. Nxe4 Bxe4 15.
Rfd1 Rc7 16. Qb3 cxd4 17. exd4 Qb7 18. Ne1 Rfc8 19. Bf3 Bxf3 20. Nxf3 Nf6 21.
Re1 Rb8 22. Bf4 Qd5 23. Qd1 b5 24. axb5 axb5 25. Ra5 Qc6 26. Qd3 Nd5 27. Bd2 e6
28. Rc1 h6 29. b3 Qd7 30. c4 bxc4 31. bxc4 Nb4 32. Qa3 Nc6 33. Ra8 Rxa8 34.
Qxa8+ Kh7 35. Qa1 d5 36. cxd5 Qxd5 37. Qc3 Rc8 38. Qa3 Rd8 39. Be3 Nxd4 40.
Nxd4 Bxd4 41. Bxd4 Qxd4 42. Qf3 Kg7 43. Re1 Rd5 44. g3 g5 45. Qe4 Qxe4 46. Rxe4
Rd6 47. Kg2 h5 48. h4 g4 49. Kf1 f6 50. Ke2 Kg6 51. Rb4 Ra6 52. Rf4 Ra2+ 53.
Ke3 Ra3+ 54. Ke2 f5 55. Rb4 Rf3 56. Rb6 Kf6 57. Rb5 Ra3 58. Rc5 Ra4 59. Rb5
Re4+ 60. Kd3 Re5 61. Rb8 Ra5 62. Rh8 Ke5 63. Rxh5 Ra3+ 64. Ke2 Ke4 65. Rh6 Ra2+
66. Ke1 Kf3 67. Rxe6 Ra1+ 68. Kd2 Kxf2 69. Re5 Kxg3 70. Rxf5 Kxh4 71. Ke2 Kh3
72. Rh5+ Kg2 73. Rb5 g3 74. Ke3 1-0

[Event "14.Zlata Praha-A"]
[Site "Praha"]
[Date "2018.07.05"]
[Round "6.5"]
[White "Kozusek, Daniel"]
[Black "Londyn, Radek"]
[Result "1/2-1/2"]
[WhiteElo "2297"]
[BlackElo "2427"]
[PlyCount "133"]
[EventDate "2018.06.30"]
[EventType "tourn"]
[EventRounds "9"]
[EventCountry "CZE"]

1. d4 Nf6 2. Nf3 d6 3. Bg5 Nbd7 4. c4 e5 5. Nc3 Be7 6. e3 O-O 7. Qc2 c6 8.
O-O-O e4 9. Bxf6 exf3 10. Bxe7 fxg2 11. Bxg2 Qxe7 12. Qe4 Qf6 13. Qc2 Nb6 14.
c5 dxc5 15. dxc5 Nd7 16. Ne4 Qe7 17. Rhg1 Nf6 18. Nd6 Qe5 19. Bf3 Be6 20. h4 h6
21. Rg3 Kh8 22. Rdg1 Rg8 23. Be2 b6 24. Bc4 Raf8 25. Bxe6 fxe6 26. f4 Qxc5 27.
Qxc5 bxc5 28. Nc4 Ne4 29. Rg6 Rf6 30. h5 Rxg6 31. hxg6 Rd8 32. Ne5 Kg8 33. Nxc6
Rd6 34. Rd1 Kf8 35. Rxd6 Nxd6 36. Nxa7 h5 37. Kd1 Nc4 38. b3 Nxe3+ 39. Ke2 Nf5
40. Kf2 Ne7 41. Kf3 Ke8 42. Nb5 Kd7 43. Nc3 Nxg6 44. Ne4 Kc6 45. Ng3 Nh4+ 46.
Ke4 g6 47. Ke5 Ng2 48. Ne2 h4 49. Kxe6 h3 50. Ke5 Ne1 51. Kf6 Nd3 52. f5 gxf5
53. Kxf5 Nc1 54. Ng3 Nxa2 55. Kg4 h2 56. Kh3 Nc1 57. Kxh2 Nxb3 58. Kg2 Kd5 59.
Kf2 Kd4 60. Ke2 Na5 61. Kd2 Nc4+ 62. Kc2 Ne3+ 63. Kd2 Nf1+ 64. Nxf1 c4 65. Kc2
c3 66. Ng3 Ke5 67. Kxc3 1/2-1/2

[Event "14.Zlata Praha-A"]
[Site "Praha"]
[Date "2018.07.06"]
[Round "7.1"]
[White "Londyn, Radek"]
[Black "Frolov, Artur"]
[Result "0-1"]
[WhiteElo "2427"]
[BlackElo "2406"]
[PlyCount "94"]
[EventDate "2018.06.30"]
[EventType "tourn"]
[EventRounds "9"]
[EventCountry "CZE"]

1. e4 e5 2. Nf3 Nc6 3. Nc3 Nf6 4. h3 Bb4 5. Bd3 Bxc3 6. dxc3 d6 7. Be3 Ne7 8.
c4 b6 9. Nd2 O-O 10. g4 Ng6 11. Qf3 Nd7 12. h4 Qf6 13. Qxf6 Nxf6 14. f3 h5 15.
g5 Nd7 16. O-O-O Nc5 17. Nb1 a5 18. Nc3 Rd8 19. Nd5 Ra7 20. Bf1 Kf8 21. Bh3
Bxh3 22. Rxh3 Ke8 23. b3 Kd7 24. Rh2 Kc8 25. a3 Ra6 26. Kd2 c6 27. Nc3 Kc7 28.
Ke1 Raa8 29. Kf2 Rf8 30. Rg1 Ne6 31. Ke1 f5 32. Kd2 fxe4 33. fxe4 Rf3 34. Ne2
Nc5 35. Nc3 Ne6 36. Ne2 Raf8 37. Ng3 Ngf4 38. b4 g6 39. bxa5 bxa5 40. Ne2 Nxe2
41. Rxe2 Rh3 42. Rb1 Nc5 43. Bxc5 dxc5 44. Rb3 Rxh4 45. Rg3 Rff4 46. Kd3 Rhg4
47. Ree3 Rxe4 0-1

[Event "14.Zlata Praha-A"]
[Site "Praha"]
[Date "2018.07.06"]
[Round "7.2"]
[White "Plischki, Sebastian"]
[Black "Kozusek, Daniel"]
[Result "1/2-1/2"]
[WhiteElo "2413"]
[BlackElo "2297"]
[PlyCount "32"]
[EventDate "2018.06.30"]
[EventType "tourn"]
[EventRounds "9"]
[EventCountry "CZE"]

1. Nf3 d5 2. d4 e6 3. c4 c6 4. Qc2 Nf6 5. g3 dxc4 6. Qxc4 b5 7. Qb3 Bb7 8. Bg2
Nbd7 9. O-O a6 10. Ne5 Qb6 11. Be3 c5 12. Nxd7 Nxd7 13. dxc5 Nxc5 14. Bxb7 Qxb7
15. Bxc5 Bxc5 16. a4 O-O 1/2-1/2

[Event "14.Zlata Praha-A"]
[Site "Praha"]
[Date "2018.07.06"]
[Round "7.3"]
[White "Hrabusa, Matej"]
[Black "Vokoun, Jan"]
[Result "1-0"]
[WhiteElo "2386"]
[BlackElo "2124"]
[PlyCount "53"]
[EventDate "2018.06.30"]
[EventType "tourn"]
[EventRounds "9"]
[EventCountry "CZE"]

1. e4 Nc6 2. d4 e5 3. Nf3 exd4 4. Nxd4 Nf6 5. Nxc6 bxc6 6. Qe2 Qe7 7. Nc3 Qe6
8. Bd2 Bc5 9. f3 d5 10. exd5 cxd5 11. Nb5 Bb6 12. Bf4 c6 13. Nd6+ Kf8 14. Nxc8
Qxc8 15. O-O-O Qf5 16. Qd2 Re8 17. Kb1 h5 18. Bd3 Qd7 19. Rhe1 Bc7 20. Qb4+ Kg8
21. Rxe8+ Nxe8 22. Qb7 Qd8 23. Bxc7 Qxc7 24. Re1 Qd8 25. Qxa7 Rh6 26. a4 Nc7
27. Qxc7 1-0

[Event "14.Zlata Praha-A"]
[Site "Praha"]
[Date "2018.07.06"]
[Round "7.4"]
[White "Miesbauer, Jan"]
[Black "Burdalev, Kirill"]
[Result "0-1"]
[WhiteElo "2282"]
[BlackElo "2377"]
[PlyCount "66"]
[EventDate "2018.06.30"]
[EventType "tourn"]
[EventRounds "9"]
[EventCountry "CZE"]

1. d4 Nf6 2. c4 c5 3. d5 e6 4. Nc3 exd5 5. cxd5 d6 6. Nf3 g6 7. g3 Bg7 8. Bg2
O-O 9. O-O Re8 10. Bf4 Bf5 11. Qd2 Ne4 12. Nxe4 Bxe4 13. Rac1 Qb6 14. Ng5 Bxg2
15. Kxg2 Nd7 16. Rfe1 h6 17. Nf3 g5 18. Be3 Qxb2 19. Qxb2 Bxb2 20. Rb1 Bg7 21.
Rxb7 Nb6 22. h4 g4 23. Nh2 h5 24. Bf4 Bf8 25. f3 f5 26. fxg4 fxg4 27. Bg5 Nxd5
28. Rf1 Rxe2+ 29. Kg1 Bg7 30. Rd7 Rb8 31. Rff7 Bd4+ 32. Kh1 Rbb2 33. Nf1 Rg2
0-1

[Event "14.Zlata Praha-A"]
[Site "Praha"]
[Date "2018.07.06"]
[Round "7.5"]
[White "Steiner, Bruno"]
[Black "Sergeev, Vladimir"]
[Result "0-1"]
[WhiteElo "2194"]
[BlackElo "2410"]
[PlyCount "48"]
[EventDate "2018.06.30"]
[EventType "tourn"]
[EventRounds "9"]
[EventCountry "CZE"]

1. e3 g6 2. Nf3 Bg7 3. d4 Nf6 4. Be2 O-O 5. O-O d6 6. c4 Nbd7 7. Nc3 e5 8. Qc2
Re8 9. b4 e4 10. Nd2 Qe7 11. Bb2 h5 12. Rfc1 c6 13. a4 Nf8 14. a5 Bf5 15. a6 b6
16. c5 dxc5 17. bxc5 bxc5 18. dxc5 Ne6 19. Ra4 Nf4 20. Ba3 N6d5 21. Ndb1 Bxc3
22. exf4 e3 23. Bd3 Bxd3 24. Qxd3 e2 0-1

[Event "14.Zlata Praha-A"]
[Site "Praha"]
[Date "2018.07.02"]
[Round "8.1"]
[White "Frolov, Artur"]
[Black "Sergeev, Vladimir"]
[Result "1/2-1/2"]
[WhiteElo "2406"]
[BlackElo "2410"]
[PlyCount "26"]
[EventDate "2018.06.30"]
[EventType "tourn"]
[EventRounds "9"]
[EventCountry "CZE"]

1. d4 Nf6 2. c4 g6 3. Nc3 Bg7 4. e4 d6 5. Nf3 O-O 6. Be2 e5 7. dxe5 dxe5 8.
Qxd8 Rxd8 9. Bg5 Re8 10. Nd5 Nxd5 11. cxd5 c6 12. Bc4 b5 13. Bb3 Bb7 1/2-1/2

[Event "14.Zlata Praha-A"]
[Site "Praha"]
[Date "2018.07.07"]
[Round "8.2"]
[White "Burdalev, Kirill"]
[Black "Steiner, Bruno"]
[Result "1-0"]
[WhiteElo "2377"]
[BlackElo "2194"]
[PlyCount "139"]
[EventDate "2018.06.30"]
[EventType "tourn"]
[EventRounds "9"]
[EventCountry "CZE"]

1. Nf3 d5 2. d4 e6 3. c4 c6 4. Qc2 Nf6 5. Nbd2 Nbd7 6. a3 Bd6 7. e4 Nxe4 8.
Nxe4 dxe4 9. Qxe4 c5 10. Bd3 Nf6 11. Qh4 cxd4 12. O-O b6 13. Bg5 Bb7 14. Nxd4
Bc5 15. Be3 e5 16. Nf5 Qxd3 17. Nxg7+ Ke7 18. Bg5 Qg6 19. Nh5 Rhg8 20. Bxf6+
Ke6 21. g3 Qg4 22. Qxg4+ Rxg4 23. Rfe1 Bd4 24. Bxe5 Bxe5 25. f4 f6 26. fxe5
fxe5 27. Nf4+ Kf5 28. Nd3 Re8 29. b3 Rd4 30. Re3 Re4 31. Rf1+ Ke6 32. Rfe1 Rxe3
33. Rxe3 e4 34. Kf2 a5 35. Re1 Kd6 36. Nf4 Kc5 37. Ke3 a4 38. bxa4 Ba6 39. Rd1
Bxc4 40. Rd7 Bg8 41. Nh5 Ra8 42. Nf6 Kc6 43. Rd4 Bb3 44. Nxe4 Bxa4 45. Nc3 Bc2
46. Rc4+ Kb7 47. Nb5 Bg6 48. Nd6+ Kb8 49. Rc8+ Ka7 50. Rxa8+ Kxa8 51. Kf4 Ka7
52. g4 Ka6 53. h4 Ka5 54. h5 Bc2 55. g5 Ka4 56. Nf5 Bb3 57. Ne7 Bf7 58. h6 Kxa3
59. g6 Bxg6 60. Nxg6 b5 61. Ne5 Kb4 62. Kf5 Kc5 63. Kf6 Kd5 64. Nd3 Kc4 65. Nc1
Kd5 66. Kg7 Ke6 67. Kxh7 Kf7 68. Nd3 Kf8 69. Kg6 Kg8 70. h7+ 1-0

[Event "14.Zlata Praha-A"]
[Site "Praha"]
[Date "2018.07.07"]
[Round "8.4"]
[White "Kozusek, Daniel"]
[Black "Hrabusa, Matej"]
[Result "1/2-1/2"]
[WhiteElo "2297"]
[BlackElo "2386"]
[PlyCount "82"]
[EventDate "2018.06.30"]
[EventType "tourn"]
[EventRounds "9"]
[EventCountry "CZE"]

1. d4 d5 2. c4 e5 3. dxe5 d4 4. Nf3 Nc6 5. a3 Nge7 6. Nbd2 a5 7. Nb3 Nf5 8. e3
dxe3 9. Qxd8+ Nxd8 10. fxe3 g6 11. Bd3 Bg7 12. Nbd4 Ne7 13. Nb5 Ne6 14. Bd2 O-O
15. Bc3 Bd7 16. O-O Rfd8 17. Rfd1 Bxb5 18. cxb5 Nd5 19. Bc4 Nxc3 20. bxc3 Bh6
21. Kf2 Nc5 22. Rd4 Rf8 23. b6 c6 24. Rad1 Rae8 25. Ba2 Re7 26. Rc4 Nd7 27. Rh4
Kg7 28. g4 g5 29. Rh5 f5 30. Kg3 fxg4 31. Kxg4 Rxf3 32. Kxf3 Nxe5+ 33. Ke2 Ng6
34. Kf2 g4 35. Rxa5 Bxe3+ 36. Kg3 Bxb6 37. Rf5 h5 38. Rxh5 Re3+ 39. Kxg4 Re4+
40. Kg3 Re3+ 41. Kg4 Re4+ 1/2-1/2

[Event "14.Zlata Praha-A"]
[Site "Praha"]
[Date "2018.07.07"]
[Round "8.5"]
[White "Londyn, Radek"]
[Black "Plischki, Sebastian"]
[Result "1/2-1/2"]
[WhiteElo "2427"]
[BlackElo "2413"]
[PlyCount "137"]
[EventDate "2018.06.30"]
[EventType "tourn"]
[EventRounds "9"]
[EventCountry "CZE"]

1. e4 c5 2. g3 Nc6 3. Bg2 g6 4. Ne2 Bg7 5. d3 d6 6. O-O e5 7. Nec3 Nge7 8. Nd5
O-O 9. Nbc3 Nxd5 10. Nxd5 Be6 11. a3 Ne7 12. c4 Nxd5 13. cxd5 Bd7 14. b4 b6 15.
Bb2 Rc8 16. Qe2 Qe7 17. f4 exf4 18. gxf4 Bxb2 19. Qxb2 f6 20. Rfe1 g5 21. fxg5
fxg5 22. e5 Qg7 23. bxc5 bxc5 24. Rab1 dxe5 25. Qxe5 Qxe5 26. Rxe5 Rf5 27. Re7
Rf7 28. Rxf7 Kxf7 29. Rb7 Ke8 30. Be4 c4 31. dxc4 Rxc4 32. Bxh7 Rd4 33. Bg6+
Ke7 34. Rxa7 Rxd5 35. Kf2 Kf6 36. Be4 Rd6 37. Ke3 Bf5 38. Rc7 Bxe4 39. Kxe4
Re6+ 40. Kd3 Ra6 41. Rc3 Ra4 42. Kc2 Rh4 43. h3 g4 44. hxg4 Rxg4 45. Re3 Rg5
46. Kb3 Re5 47. Rd3 Ke6 48. Kb4 Re4+ 49. Kb5 Re5+ 50. Kc6 Ra5 51. Re3+ Kf5 52.
Kb6 Ra8 53. Kb5 Kf4 54. Rh3 Ke4 55. a4 Kd5 56. Rd3+ Ke6 57. a5 Rb8+ 58. Kc6
Rc8+ 59. Kb7 Rc2 60. Rb3 Kd7 61. Rd3+ Ke6 62. Rb3 Kd7 63. a6 Rc7+ 64. Kb6 Rc6+
65. Kb5 Kc7 66. a7 Rb6+ 67. Kc5 Ra6 68. Rh3 Ra5+ 69. Kd4 1/2-1/2

[Event "14.Zlata Praha-A"]
[Site "Praha"]
[Date "2018.07.03"]
[Round "9.1"]
[White "Plischki, Sebastian"]
[Black "Frolov, Artur"]
[Result "1/2-1/2"]
[WhiteElo "2413"]
[BlackElo "2406"]
[PlyCount "23"]
[EventDate "2018.06.30"]
[EventType "tourn"]
[EventRounds "9"]
[EventCountry "CZE"]

1. d4 Nf6 2. c4 g6 3. Nf3 Bg7 4. g3 c6 5. Bg2 O-O 6. O-O d5 7. cxd5 cxd5 8. Ne5
e6 9. Nc3 Nfd7 10. Nf3 Nf6 11. Ne5 Nfd7 12. Nf3 1/2-1/2

[Event "14.Zlata Praha-A"]
[Site "Praha"]
[Date "2018.07.08"]
[Round "9.3"]
[White "Miesbauer, Jan"]
[Black "Kozusek, Daniel"]
[Result "0-1"]
[WhiteElo "2282"]
[BlackElo "2297"]
[PlyCount "52"]
[EventDate "2018.06.30"]
[EventType "tourn"]
[EventRounds "9"]
[EventCountry "CZE"]

1. e4 e6 2. d4 d5 3. Nd2 g6 4. e5 c5 5. c3 Nc6 6. Ndf3 f6 7. Bd3 fxe5 8. dxe5
Qc7 9. h4 Nxe5 10. Nxe5 Qxe5+ 11. Ne2 Bh6 12. h5 gxh5 13. Bb5+ Bd7 14. Bxd7+
Kxd7 15. Qa4+ Kc7 16. Rh3 Bxc1 17. Rxc1 Nf6 18. b4 Qe4 19. Rf3 Rhf8 20. Rf4
Qxg2 21. f3 Ne4 22. fxe4 Rxf4 23. Nxf4 Qg3+ 24. Kd1 Qxf4 25. bxc5 Rg8 26. Qd4
e5 0-1

[Event "14.Zlata Praha-A"]
[Site "Praha"]
[Date "2018.07.08"]
[Round "9.5"]
[White "Sergeev, Vladimir"]
[Black "Burdalev, Kirill"]
[Result "1/2-1/2"]
[WhiteElo "2410"]
[BlackElo "2377"]
[PlyCount "28"]
[EventDate "2018.06.30"]
[EventType "tourn"]
[EventRounds "9"]
[EventCountry "CZE"]

1. d4 Nf6 2. c4 e6 3. Nf3 b6 4. g3 Bb7 5. Bg2 Be7 6. O-O O-O 7. Nc3 Ne4 8. Nxe4
Bxe4 9. Ne1 Bxg2 10. Nxg2 d5 11. cxd5 exd5 12. Qa4 Qd7 13. Qxd7 Nxd7 14. Nf4 c6
1/2-1/2